00455nam a2200157Ia 450000500170000000800460001703700180006304000200008104100130010108400240011410000160013824500820015426000090023630000090024554600430025420250508164916.0008 250505s9999 xx 000 0 eng d aDissertations aFEDLbengcFEDL aeng2eng a371.3, KAL/DIqFEDL aKalani Ritu 0aStudy of the quality of work experience programme in primary schools of Delhi c1999 a95p. aM. Ed. Dissertation (Delhi University)